| 000 | 00347 a2200109 4500 | ||
|---|---|---|---|
| 001 | ART_10878 | ||
| 005 | 20260410161732.0 | ||
| 008 | 260409a | ||
| 245 | 1 | 0 | _aCiclo económico Desalentar la Tentación Inflacionaria |
| 100 | 1 | _aSturzenegger, Adolfo | |
| 773 | 0 |
_tEjecutivos de finanzas _g- Año 3, Nº 27 (may. 1986) _wREV2863 |
|
| 999 |
_c17922 _d17922 |
||